000 00718nam a2200205Ia 4500
003 GCL
008 140319s9999 xx 000 0 ara d
040 _aGCL /
_cGCL
082 0 4 _aم
_b925
_bا م
100 1 _aاحمد عيسى
245 1 0 _aمعجم الاطباء من سنة 650ه الى يومنا هذا ( زيل عيون الانباء فى طبقات الاطباءلابن ابى اصيبعه) /
_cاحمد عيسى
260 _a[S.N] :
_bدار الرائد العربى ،
_c1982
300 _a527 ص
490 _aماذا اعرف
_v0
650 0 4 _aالطب
650 0 4 _aالتراجم
650 0 4 _aالطب عند العرب
650 0 4 _aالحضارة الاسلامية
942 _2ddc
_cREF
999 _c59600
_d59600